| 000 | 01398cam a2200301 i 4500 | ||
|---|---|---|---|
| 001 | 18795688 | ||
| 003 | PILC | ||
| 005 | 20160523160205.0 | ||
| 008 | 150925s2016 moua b 001 0 eng | ||
| 010 | _a 2015460674 | ||
| 020 | _a9780323279406 (pbk.) | ||
| 040 |
_aDLC _beng _erda _cDLC _dDLC |
||
| 042 | _apcc | ||
| 050 | 0 | 0 |
_aRB 45.15 _b.W273 2016 |
| 082 | 0 | 0 | _a616.07/561 |
| 100 | 1 |
_aWarekois, Robin S., _eauthor. |
|
| 245 | 1 | 0 |
_aPhlebotomy : _bworktext and procedures manual / _cRobin S. Warekois, MT(ASCP), Avee Laboratory, Clearwater, Florida, Richard Robinson, NASW, Sherborn, Massachusetts ; consulting educator, Pamela B. Primrose, PhD, MLS(ASCP), Program Chair of Medical Laboratory Technology, Professor of Medical Laboratory Technology/Life Sciences, Ivy Tech Community College, South Bend, Indiana. |
| 250 | _a4th edition. | ||
| 260 |
_aMissouri : _bElsevier, _c2016. |
||
| 300 |
_axv, 363 pages : _billustrations (some color) ; _c26 cm. |
||
| 500 | _aIncludes bibliographical references and index. | ||
| 505 | 0 | _aIntroduction to phlebotomy -- Phlebotomy basics -- Specimen collection -- Specimen handling -- Professional issues. | |
| 650 | 0 | _aPhlebotomy. | |
| 700 | 1 |
_aRobinson, Richard, _d1956- _eauthor. |
|
| 906 |
_a7 _bcbc _corigcop _d2 _encip _f20 _gy-gencatlg |
||
| 942 |
_2lcc _cBK |
||
| 999 |
_c294926 _d294926 |
||